<?xml version="1.0" encoding="UTF-8"?>
<record
    xmlns:xsi="http://www.w3.org/2001/XMLSchema-instance"
    xsi:schemaLocation="http://www.loc.gov/MARC21/slim http://www.loc.gov/standards/marcxml/schema/MARC21slim.xsd"
    xmlns="http://www.loc.gov/MARC21/slim">

  <leader>01599nam a2200205 a 4500</leader>
  <controlfield tag="001">ASIN0745317081</controlfield>
  <controlfield tag="005">20170105102923.0</controlfield>
  <controlfield tag="008">131209s2000    xxu                 eng d</controlfield>
  <datafield tag="020" ind1=" " ind2=" ">
    <subfield code="a">0745317081 (paperback)</subfield>
    <subfield code="c">$100.00</subfield>
  </datafield>
  <datafield tag="020" ind1=" " ind2=" ">
    <subfield code="a">9780745317083 (paperback)</subfield>
  </datafield>
  <datafield tag="040" ind1=" " ind2=" ">
    <subfield code="a">0</subfield>
  </datafield>
  <datafield tag="100" ind1="1" ind2=" ">
    <subfield code="a">Chomsky, Noam.</subfield>
  </datafield>
  <datafield tag="245" ind1="1" ind2="0">
    <subfield code="a">Rogue states :</subfield>
    <subfield code="b">the rule of force in world affairs /</subfield>
    <subfield code="c">Noam Chomsky.</subfield>
  </datafield>
  <datafield tag="250" ind1=" " ind2=" ">
    <subfield code="a">1st ed.</subfield>
  </datafield>
  <datafield tag="260" ind1=" " ind2=" ">
    <subfield code="a">[S.l.] :</subfield>
    <subfield code="b">Pluto Press,</subfield>
    <subfield code="c">2000.</subfield>
  </datafield>
  <datafield tag="300" ind1=" " ind2=" ">
    <subfield code="a">264 p. ;</subfield>
    <subfield code="c">22 cm.</subfield>
  </datafield>
  <datafield tag="520" ind1=" " ind2=" ">
    <subfield code="a">Noam Chomsky argues that, contrary to popular perception, the real 'rogue' states in the world today are not the dictator-led developing countries we hear about in the news, but the United States and its allies. He challenges the legal and humanitarian reasons given to justify intervention in global conflicts in order to reveal the West's reliance on the rule of force. He examines NATO's intervention in Kosovo, the crisis in East Timor, and US involvement in the Middle East, Southeast Asia and Latin America. Chomsky relies on both historical context and recently released government documents to trace the paths of self-interest and domination that fuelled these violent regional conflicts. Throughout, he reveals the United States's increasingly open dismissal of the United Nations and international legal precedent in justifying its motives and actions. Characteristically incisive and provocative, Chomsky demonstrates that the rule of law has been reduced to farce.</subfield>
  </datafield>
  <datafield tag="856" ind1="4" ind2="0">
    <subfield code="3">Amazon.com</subfield>
    <subfield code="u">http://www.amazon.com/exec/obidos/ASIN/0745317081/chopaconline-20</subfield>
  </datafield>
  <datafield tag="942" ind1=" " ind2=" ">
    <subfield code="2">ddc</subfield>
    <subfield code="c">BK</subfield>
  </datafield>
  <datafield tag="999" ind1=" " ind2=" ">
    <subfield code="c">15661</subfield>
    <subfield code="d">15661</subfield>
  </datafield>
  <datafield tag="952" ind1=" " ind2=" ">
    <subfield code="0">0</subfield>
    <subfield code="1">0</subfield>
    <subfield code="4">0</subfield>
    <subfield code="7">0</subfield>
    <subfield code="8">NFIC</subfield>
    <subfield code="a">CIPS</subfield>
    <subfield code="b">CIPS</subfield>
    <subfield code="c">GEN</subfield>
    <subfield code="d">2013-09-27</subfield>
    <subfield code="l">0</subfield>
    <subfield code="o">341.62 CHO 2000</subfield>
    <subfield code="p">CIPS0001467</subfield>
    <subfield code="r">2013-12-09</subfield>
    <subfield code="w">2013-12-09</subfield>
    <subfield code="y">BK</subfield>
  </datafield>
</record>
